| 000 | 08961nam a22008775i 4500 | ||
|---|---|---|---|
| 005 | 20230718140419.0 | ||
| 006 | m|||||o||d|||||||| | ||
| 007 | cr || |||||||| | ||
| 008 | 221201t20222022gw fo d z eng d | ||
| 010 | _a2021952437 | ||
| 020 | _a9783110752908 | ||
| 040 |
_aDE-B1597 _beng _cDE-B1597 _erda |
||
| 041 | 0 | _aeng | |
| 245 | 0 | 0 |
_aKarl Barth's Epistle to the Romans : _bRetrospect and Prospect / _ced. by Christophe Chalamet, Andreas Dettwiler, Sarah Stewart-Kroeker. |
| 264 | 1 |
_aBerlin ; _aBoston : _bDe Gruyter, _c[2022] |
|
| 264 | 4 | _c©2022 | |
| 300 | _a1 online resource (VIII, 495 p.) | ||
| 336 |
_atext _btxt _2rdacontent |
||
| 337 |
_acomputer _bc _2rdamedia |
||
| 338 |
_aonline resource _bcr _2rdacarrier |
||
| 347 |
_atext file _bPDF _2rda |
||
| 490 | 0 |
_aTheologische Bibliothek Töpelmann , _x0563-4288 ; _v196 |
|
| 505 | 0 | 0 |
_tFrontmatter -- _tTable of Contents -- _tEditors' Introduction -- _tI Barth as Scriptural Theologian -- _tReading Romans on the Brink: The Continuing Challenge of Barth's Römerbrief -- _t"For I am Not Ashamed of the Gospel": Commentary as Interpretation in the Römerbrief -- _tLa Bible pour penser -- _tAbraham als Glaubensparadigma nach Karl Barth's Römerbrief (Röm 4) -- _tII Hermeneutics and Metaphysics -- _tBarth sur l'être du monde devant Dieu. Ce que le Römerbrief permet de préciser dans la Dogmatik -- _tLe manifeste herméneutique de Karl Barth -- _tAn Anti-Metaphysical Manifesto: Karl Barth's Romans Commentary in its Second Edition -- _tIII Historical Context -- _tVom «Schweizerwinkel» auf das «hohe, bewegte Meer». Karl Barth zwischen Safenwil und Göttingen -- _tKarl Barth and the Quest for a New World -- _tIV Römerbrief, First edition (1919) -- _tGod's Moving Presence in History. Karl Barth's Commentary on the Epistle to the Romans of 1919 and its Problem-Creating Solutions -- _t"More than Leninism" - Karl Barth's Theological Socialism -- _tV Faith and Resurrection -- _tDas Wunder des Glaubens. Zu Röm 3,21-4,8 -- _tRéflexions de philosophie pratique sur la «foi seule» -- _tFaith as Imperceptible Reality: Barth's Understanding of Faith During the Römerbrief Period -- _tL'exercice de la liberté, la vie du Crucifié Ressuscité. Rm 6,9 entre la première et la deuxième édition du Römerbrief -- _tFaith, Love, and Extrinsic Grace in Barth's Römerbrief -- _tBarth (1919-1922) and the Power of the Gospel (Romans 1:16-17) -- _tVI Ethics and Politics -- _tKarl Barth's Commentary on Romans 8:18-25: An Ecological Reading -- _tDas Problem der Ethik in Karl Barths Römerbriefkommentar - im Vergleich mit Søren Kierkegaards Ethik der Liebe -- _tEthics and the Catastrophe of Grace - Faith's Obedience in the Ruins of Religion -- _tReading Karl Barth's Römerbrief 1919 for a Postcolonial Era of Theology -- _tMarcionism in Barth's Theology? Clarifications and Developments -- _tVII Religion, Liturgy and Theology -- _tQue penser et que faire de la radicalité à l'oeuvre chez Barth ? -- _tExistence Between God and the No-God -- _tAt the "Zero-Point" of Faith: The Clash of Old Man and New in the Römerbrief and Barth's Later Doctrine of Sanctification -- _tCalvin's "Christian philosophy" in Barth's Römerbrief -- _tBarth's Römerbrief and Liturgy's Formative Function: Critique and Prospect -- _tDid Karl Barth Put an End to Theology? -- _tContributors -- _tCopyright of Images -- _tIndex of Authors -- _tIndex of Subjects |
| 506 | 0 |
_funrestricted online access _2star |
|
| 520 | _aKarl Barth's commentary on Paul's epistle to the Romans, in its two editions (1919 and 1922), is one of the most significant works published in Christian theology in the 20th century. This book, which landed "like a bombshell on the theologians' playground," still deserves close scrutiny one hundred years after its publication.In this volume, New Testament scholars, philosophers of religion and systematic theologians ponder the intricacies of Barth's "expressionistic" commentary, pointing out the ways in which Barth interprets Paul's epistle for his own day, how this actualized interpretation of the apostle's message challenged the theology of Barth's time, and how some of the insights he articulated in 1919 and in 1922 have shaped Christian theology up to our day. With his commentary, the young Swiss pastor paved the way for a renewed, intensely theological interpretation of the Scriptures.The volume thus centers of some of the key themes which run through Barth's commentary: faith as divine gift beyond any human experience or psychological data, the Easter event as the turning point of the world's history, God's judgment and mercy and God's one Word in Jesus Christ.This volume represents a major contribution to the interpretation of Karl Barth's early thought. | ||
| 530 | _aIssued also in print. | ||
| 538 | _aMode of access: Internet via World Wide Web. | ||
| 540 |
_aThis eBook is made available Open Access under a CC BY-NC-ND 4.0 license: _uhttps://creativecommons.org/licenses/by-nc-nd/4.0 _uhttps://www.degruyter.com/dg/page/open-access-policy |
||
| 546 | _aIn English. | ||
| 588 | 0 | _aDescription based on online resource; title from PDF title page (publisher's Web site, viewed 01. Dez 2022) | |
| 650 | 4 | _aDialektische Theologie. | |
| 650 | 4 | _aKarl Barth. | |
| 650 | 4 | _aRömerbrief. | |
| 650 | 4 | _atheologische Hermeneutik. | |
| 653 | _aEpistle to the Romans. | ||
| 653 | _aKarl Barth. | ||
| 653 | _adialectical theology. | ||
| 653 | _atheological and philosophical hermeneutics. | ||
| 700 | 1 |
_aAskani, Hans-Christoph, _econtributor. _4ctb _4https://id.loc.gov/vocabulary/relators/ctb |
|
| 700 | 1 |
_aBarclay, John M.G., _econtributor. _4ctb _4https://id.loc.gov/vocabulary/relators/ctb |
|
| 700 | 1 |
_aBourgine, Benoît, _econtributor. _4ctb _4https://id.loc.gov/vocabulary/relators/ctb |
|
| 700 | 1 |
_aChalamet, Christophe, _econtributor. _4ctb _4https://id.loc.gov/vocabulary/relators/ctb |
|
| 700 | 1 |
_aChalamet, Christophe, _eeditor. _4edt _4http://id.loc.gov/vocabulary/relators/edt |
|
| 700 | 1 |
_aDermange, François, _econtributor. _4ctb _4https://id.loc.gov/vocabulary/relators/ctb |
|
| 700 | 1 |
_aDettwiler, Andreas, _econtributor. _4ctb _4https://id.loc.gov/vocabulary/relators/ctb |
|
| 700 | 1 |
_aDettwiler, Andreas, _eeditor. _4edt _4http://id.loc.gov/vocabulary/relators/edt |
|
| 700 | 1 |
_aElliott, Mark W., _econtributor. _4ctb _4https://id.loc.gov/vocabulary/relators/ctb |
|
| 700 | 1 |
_aFeneuil, Anthony, _econtributor. _4ctb _4https://id.loc.gov/vocabulary/relators/ctb |
|
| 700 | 1 |
_aGaventa, Beverly Roberts, _econtributor. _4ctb _4https://id.loc.gov/vocabulary/relators/ctb |
|
| 700 | 1 |
_aGisel, Pierre, _econtributor. _4ctb _4https://id.loc.gov/vocabulary/relators/ctb |
|
| 700 | 1 |
_aGockel, Matthias, _econtributor. _4ctb _4https://id.loc.gov/vocabulary/relators/ctb |
|
| 700 | 1 |
_aGrondin, Jean, _econtributor. _4ctb _4https://id.loc.gov/vocabulary/relators/ctb |
|
| 700 | 1 |
_aJaillet, Elio, _econtributor. _4ctb _4https://id.loc.gov/vocabulary/relators/ctb |
|
| 700 | 1 |
_aKaltwasser, Cambria Janae, _econtributor. _4ctb _4https://id.loc.gov/vocabulary/relators/ctb |
|
| 700 | 1 |
_aKelly, Declan, _econtributor. _4ctb _4https://id.loc.gov/vocabulary/relators/ctb |
|
| 700 | 1 |
_aManent, Pierre, _econtributor. _4ctb _4https://id.loc.gov/vocabulary/relators/ctb |
|
| 700 | 1 |
_aMarga, Amy, _econtributor. _4ctb _4https://id.loc.gov/vocabulary/relators/ctb |
|
| 700 | 1 |
_aMarion, Jean-Luc, _econtributor. _4ctb _4https://id.loc.gov/vocabulary/relators/ctb |
|
| 700 | 1 |
_aMcCormack, Bruce, _econtributor. _4ctb _4https://id.loc.gov/vocabulary/relators/ctb |
|
| 700 | 1 |
_aPeterson, Andrew J., _econtributor. _4ctb _4https://id.loc.gov/vocabulary/relators/ctb |
|
| 700 | 1 |
_aStewart-Kroeker, Sarah, _econtributor. _4ctb _4https://id.loc.gov/vocabulary/relators/ctb |
|
| 700 | 1 |
_aStewart-Kroeker, Sarah, _eeditor. _4edt _4http://id.loc.gov/vocabulary/relators/edt |
|
| 700 | 1 |
_aThomas, Günter, _econtributor. _4ctb _4https://id.loc.gov/vocabulary/relators/ctb |
|
| 700 | 1 |
_aWatson, Brandon K., _econtributor. _4ctb _4https://id.loc.gov/vocabulary/relators/ctb |
|
| 700 | 1 |
_aWelz, Claudia, _econtributor. _4ctb _4https://id.loc.gov/vocabulary/relators/ctb |
|
| 700 | 1 |
_aWüthrich, Matthias D., _econtributor. _4ctb _4https://id.loc.gov/vocabulary/relators/ctb |
|
| 700 | 1 |
_aZerra, Luke, _econtributor. _4ctb _4https://id.loc.gov/vocabulary/relators/ctb |
|
| 700 | 1 |
_aZiegler, Philip G., _econtributor. _4ctb _4https://id.loc.gov/vocabulary/relators/ctb |
|
| 700 | 1 |
_aZocher, Peter, _econtributor. _4ctb _4https://id.loc.gov/vocabulary/relators/ctb |
|
| 776 | 0 |
_cEPUB _z9783110752915 |
|
| 776 | 0 |
_cprint _z9783110750522 |
|
| 856 | 4 | 0 |
_uhttps://doi.org/10.1515/9783110752908 _zOpen Access _70 |
| 856 | 4 | 0 |
_uhttps://www.degruyter.com/isbn/9783110752908 _zOpen Access _70 |
| 856 | 4 | 2 |
_3Cover _uhttps://www.degruyter.com/document/cover/isbn/9783110752908/original |
| 942 | _cE-BOOK | ||
| 999 |
_c71316 _d71315 |
||